000 00583nam a2200193 a 4500
001 1771563656733
003 YourLibrary
005 20260220105811.0
008 260220s1998##################000#0#eng##
020 _a9783540634393
082 0 4 _a338.064
_bWEL
100 1 _aWelfens, Paul J.J.,
_eauthor.
245 1 0 _aTechnological Competition, Employment and Innovation Policies in OECD Countries :
260 _bSpringer Science & Business Media,
_c1998.
300 _a244 pages
650 0 _aBusiness & Economics.
942 _cENGLISH
040 _aYourLibrary
_beng
_cYourLibrary
999 _c613171
_d613171